000 00607nas a2200229 4500
001 BR9211578
003 BR-BrBNA
005 20231205093509.0
007 ta
008 230509b bl.|||p| |||| 00| 00por d
040 _aBR-BrBNA
_bpor
_cBiblioteca Nacional de Agricultura
041 _a(Pt)
072 _aE21
100 1 _aAzzoni, D.
245 1 _aEm busca da soja [agroindustria]
650 _aSOJA
650 _aAGROINDUSTRIA
650 _aPRATICO
773 0 _tGuia Rural (Brazil)
_x
_g(Aug 1988), v. 2(8) p. 68-70
_wBR9211578
909 _a202311
_bLúcia
_c55
_dLúcia Elande
942 _2AGRIS
_n0
_cANA
999 _c138787
_d138787